| 000 -CABECERA |
| Longitud fija campo de control |
00727nam a2200229 a 4500 |
| 003 - IDENTIFICADOR DEL NÚMERO DE CONTROL |
| Identificador del número de control |
OSt |
| 005 - FECHA Y HORA DE LA ÚLTIMA TRANSACCIÓN |
| Fecha y hora de la última transacción |
20151026133602.0 |
| 008 - CÓDIGOS DE INFORMACIÓN DE LONGITUD FIJA |
| Códigos de información de longitud fija |
120425s2012 sp a||| |||||0|1 0 spa|d |
| 020 ## - NÚMERO INTERNACIONAL NORMALIZADO PARA LIBROS |
| Número Internacional Normalizado para Libros (ISBN) |
9788441531413 |
| 040 ## - FUENTE DE LA CATALOGACIÓN |
| Lengua de catalogación |
cat |
| Centro transcriptor |
CDMR |
| 100 1# - PUNTO DE ACCESO PRINCIPAL-NOMBRE DE PERSONA |
| Nombre de persona |
Lovett, John |
| 245 10 - MENCIÓN DE TÍTULO |
| Título |
Social media |
| Resto del título |
: métricas y análisis |
| Mención de responsabilidad, etc. |
John Lovett |
| 260 ## - PUBLICACIÓN, DISTRIBUCIÓN, ETC. (PIE DE IMPRENTA) |
| Lugar de publicación, distribución, etc. |
Madrid |
| Nombre del editor, distribuidor, etc. |
Anaya Multimedia |
| Fecha de publicación, distribución, etc. |
cop. 2012 |
| 300 ## - DESCRIPCIÓN FÍSICA |
| Extensión |
415 p. |
| Otras características físicas |
il. |
| Dimensiones |
23 cm |
| 500 ## - NOTA GENERAL |
| Nota general |
Bibliografia. Índex |
| 500 ## - NOTA GENERAL |
| Nota general |
Tít. orig.: Social media metric secrets |
| 650 04 - PUNTO DE ACCESO ADICIONAL DE MATERIA - TÉRMINO DE MATERIA |
| Término de materia o nombre geográfico como elemento inicial |
Màrqueting digital |
| 9 (RLIN) |
4161 |
| 650 04 - PUNTO DE ACCESO ADICIONAL DE MATERIA - TÉRMINO DE MATERIA |
| Término de materia o nombre geográfico como elemento inicial |
Mercat |
| Subdivisión de materia general |
Anàlisi |
| 9 (RLIN) |
4509 |
| 650 04 - PUNTO DE ACCESO ADICIONAL DE MATERIA - TÉRMINO DE MATERIA |
| 9 (RLIN) |
3128 |
| Término de materia o nombre geográfico como elemento inicial |
Xarxes socials en línia |
| Subdivisión de materia general |
Aspectes econòmics |
| 650 04 - PUNTO DE ACCESO ADICIONAL DE MATERIA - TÉRMINO DE MATERIA |
| 9 (RLIN) |
3128 |
| Término de materia o nombre geográfico como elemento inicial |
Xarxes socials en línia |
| Subdivisión de materia general |
Estudi de casos |
| 942 ## - ENTRADA DE ELEMENTOS AGREGADOS (KOHA) |
| Koha [por defecto] tipo de item |
Monografies |
| Fuente de clasificaión o esquema |
|